|
|
|
|
| LEADER |
01362nam a2200265 a 4500 |
| 001 |
GR-Patra30564 |
| 008 |
110209s gr g b 000 0 gre d |
| 020 |
|
|
|a 9789603995340
|
| 040 |
|
|
|a GrPaTEI
|b gre
|c GR-PaULI
|
| 040 |
|
|
|a GrPaTEI
|b gre
|c GR-PaULI
|
| 082 |
|
0 |
|a 808.06661
|2 22
|
| 100 |
1 |
|
|a Hall, George M.
|
| 245 |
1 |
0 |
|a Πως να συντάξετε ένα επιστημονικό δοκίμιο =
|b How to write a paper /
|c George M. Hall ; μετάφραση Χρήστος Λιόνης.....κ.α.
|
| 260 |
|
|
|a Αθήνα :
|b Ιατρικές εκδόσεις Π.Χ. Πασχαλίδης,
|c c2007
|
| 300 |
|
|
|a 190σ.
|
| 500 |
|
|
|a Παράρτημα Αιγίου. Τμήμα Οπτικής και Οπτομετρίας (Δωρεά)
|
| 504 |
|
|
|a Περιλαμβάνει βιβλιογραφία.
|
| 610 |
2 |
4 |
|a Παράρτημα Αιγίου. Τμήμα Οπτικής & Οπτομετρίας
|
| 653 |
|
|
|a ΕΠΙΣΤΗΜΟΝΙΚΗ ΕΡΓΑΣΙΑ - ΜΕΘΟΔΟΛΟΓΙΑ
|
| 700 |
1 |
|
|a Λιόνης, Χρήστος
|
| 710 |
0 |
|
|a Ιατρικές εκδόσεις Π. Χ. Πασχαλίδης
|
| 942 |
|
|
|2 ddc
|
| 952 |
|
|
|0 0
|1 0
|2 ddc
|4 0
|6 808_066000000000000_61_HAL
|7 0
|9 369165
|a LISP
|b LISP
|c BSC
|d 2023-02-23
|i 47312
|l 0
|o 808.066 61 HAL
|p 025000297934
|r 2023-02-23 00:00:00
|t 1
|w 2023-02-23
|y BK15
|
| 971 |
|
|
|a .b26781360
|b 16-04-20
|c 26-09-16
|
| 999 |
|
|
|c 179120
|d 179120
|